Learning Resource and Development

Factors that influence social media network to silver tourists / (Record no. 26008)

MARC details
000 -LEADER
fixed length control field 01319nam a22003377a 4500
003 - CONTROL NUMBER IDENTIFIER
control field CSPC
005 - DATE AND TIME OF LATEST TRANSACTION
control field 20240628095410.0
008 - FIXED-LENGTH DATA ELEMENTS--GENERAL INFORMATION
fixed length control field 230830b |||||||| |||| 00| 0 eng d
040 ## - CATALOGING SOURCE
Original cataloging agency CSPC LIBRARY
Language of cataloging eng
Transcribing agency CSPC
090 ## - LOCALLY ASSIGNED LC-TYPE CALL NUMBER (OCLC); LOCAL CALL NUMBER (RLIN)
Classification number (OCLC) (R) ; Classification number, CALL (RLIN) (NR) UTH BSTM C269f 2022
100 ## - MAIN ENTRY--PERSONAL NAME
Personal name Casilan, Marvin C.,
Relator term author.
245 ## - TITLE STATEMENT
Title Factors that influence social media network to silver tourists /
Statement of responsibility, etc. Marvin C. Casilan [and 3 others].
264 ## - PRODUCTION, PUBLICATION, DISTRIBUTION, MANUFACTURE, AND COPYRIGHT NOTICE
Place of production, publication, distribution, manufacture Nabua, Camarines Sur :
Name of producer, publisher, distributor, manufacturer Camarines Sur Polytechnic Colleges,
Date of production, publication, distribution, manufacture, or copyright notice 2022.
300 ## - PHYSICAL DESCRIPTION
Extent xiv, 101 leaves :
Other physical details tables ;
Dimensions 28 cm.
Accompanying material + accompanying material
336 ## - CONTENT TYPE
Source rdacontent
Content type term text
337 ## - MEDIA TYPE
Source rdamedia
Media type term unmediated
338 ## - CARRIER TYPE
Source rdacarrier
Carrier type term volume
502 ## - DISSERTATION NOTE
Dissertation note Undergraduate Thesis (BSTM) - Tourism Management.
Name of granting institution Camarines Sur Polytechnic Colleges, 2022.
504 ## - BIBLIOGRAPHY, ETC. NOTE
Bibliography, etc. note Includes bibliographical references.
650 ## - SUBJECT ADDED ENTRY--TOPICAL TERM
Topical term or geographic name entry element Social Media.
650 ## - SUBJECT ADDED ENTRY--TOPICAL TERM
Topical term or geographic name entry element Tourist trade.
700 ## - ADDED ENTRY--PERSONAL NAME
Personal name Gonzales, Sheena A.,
Relator term author.
700 ## - ADDED ENTRY--PERSONAL NAME
Personal name Nabata, Jezreel Ann S.,
Relator term author.
700 ## - ADDED ENTRY--PERSONAL NAME
Personal name Villamer, Jezelle M.,
Relator term author.
720 ## - ADDED ENTRY--UNCONTROLLED NAME
Name Gonzales, Ruby Jane Saldo,
Relator term adviser.
720 ## - ADDED ENTRY--UNCONTROLLED NAME
Name Sotero, Maria Luisa O.,
Relator term panelist, chair
720 ## - ADDED ENTRY--UNCONTROLLED NAME
Name Carilo, Maruja C.,
Relator term panelist
720 ## - ADDED ENTRY--UNCONTROLLED NAME
Name Saclag, Edesa R.,
Relator term panelist
942 ## - ADDED ENTRY ELEMENTS (KOHA)
Source of classification or shelving scheme Dewey Decimal Classification
Koha item type Unpublished Materials
Suppress in OPAC No
Classification part C269f
Item part BSTM
Call number prefix UTH
Call number suffix 2022
Holdings
Withdrawn status Lost status Source of classification or shelving scheme Damaged status Not for loan Home library Current library Shelving location Date acquired Total Checkouts Full call number Barcode Date last seen Copy number Price effective from Koha item type
    Dewey Decimal Classification   Not For Loan Main Library Main Library Undergraduate Thesis Section 08/30/2023   UTH BSTM C269f 2022 005982UM 08/30/2023 1-1 08/30/2023 Unpublished Materials